|
|
|
|
| LEADER |
00000nam0a2200000 4500 |
| 001 |
5085 |
| 005 |
20231030175340.0 |
| 010 |
|
|
|a 966710415X
|
| 035 |
|
|
|a (RuTPU)RU\TPU\book\5112
|
| 035 |
|
|
|a BOOK00005159
|
| 090 |
|
|
|a 5085
|
| 100 |
|
|
|a 20011209d1996 m y0rusy50 ca
|
| 101 |
0 |
|
|a rus
|
| 102 |
|
|
|a UA
|
| 105 |
|
|
|a y z 000zy
|
| 200 |
1 |
|
|a Каратэ для мастеров
|f С. А. Лапшин, С. С. Лапшин
|
| 210 |
|
|
|a Донецк
|c Сталкер
|d 1996
|
| 215 |
|
|
|a 334 с.
|
| 225 |
1 |
|
|a Школа С. А. Лапшина. Каратэ-до. Донецк
|
| 517 |
1 |
|
|a Стратегия поединка
|
| 610 |
1 |
|
|a восточные единоборства
|
| 610 |
1 |
|
|a каратэ
|
| 610 |
1 |
|
|a каратэ-до
|
| 675 |
|
|
|a 796.85
|v 3
|
| 700 |
|
1 |
|a Лапшин
|b С. А.
|g Сергей Алексеевич
|
| 701 |
|
1 |
|a Лапшин
|b С. С.
|g Святослав Сергеевич
|
| 801 |
|
0 |
|a UA
|b 63413507
|c 20011209
|g PSBO
|
| 801 |
|
2 |
|a RU
|b 63413507
|c 20070312
|g PSBO
|
| 942 |
|
|
|c BK
|